F1 : Classement du Championnat des Pilotes 2023 - Statistiques

Statistiques générales
  • Ce quiz a été pris 309 fois
  • Le résultat moyen est 9 sur 22
Statistiques - réponses
Classement Nombre de points Pilote % Correct
1 575 Verstappen
100%
2 285 Pérez
94%
3 234 Hamilton
89%
5 206 Leclerc
74%
4 206 Alonso
67%
7 200 Sainz
65%
6 205 Norris
64%
8 175 Russell
52%
9 97 Piastri
45%
10 74 Stroll
40%
11 62 Gasly
37%
12 58 Ocon
37%
13 27 Albon
26%
22 0 de Vries
19%
14 17 Tsunoda
19%
21 1 Sargeant
17%
15 10 Bottas
14%
16 9 Hülkenberg
10%
19 3 Magnussen
9%
17 6 Zhou.Guanyu
9%
18 6 Ricciardo
8%
20 2 Lawson
7%
Aucun quiz correspondant
Distribution des résultats
% des personnes avec chaque résultat
Percentile par nombre de réponses
Votre historique - résultats
Vous n’avez pas pris ce quiz